[Event "AUTO-OPEN-4339"]
[Site "http://www.queenalice.com/game.php?id=1780014"]
[Date "2022.1.11"]
[Round "1"]
[White "SGF"]
[Black "Lamorteoscura"]
[Result "0-1"]
[WhiteElo "1845"]
[BlackElo "1937"]

1. e4 c5 2. Qf3 Nc6 3. c3 g6 4. Bc4 Ne5 5. Qe2 Nxc4 6. Qxc4 d6 7. Nf3 Bg7 8. Ng5
e6 9. h4 h6 10. Nf3 Nf6 11. e5 Nd5 12. exd6 Qxd6 13. Qb5+ Bd7 14. Qxb7 O-O 15.
Qa6 Qxa6 16. d4 cxd4 17. Nxd4 Qd3 18. Nd2 Bxd4 19. cxd4 Nf4 20. Kd1 Rac8 21. g3
Qe2# 0-1

[Event "AUTO-OPEN-4339"]
[Site "http://www.queenalice.com/game.php?id=1780015"]
[Date "2022.1.11"]
[Round "1"]
[White "Lamorteoscura"]
[Black "SGF"]
[Result "1-0"]
[WhiteElo "1569"]
[BlackElo "1790"]

1. b3 e5 2. Bb2 Qf6 3. g3 d6 4. Bg2 a5 5. a3 a4 6. b4 Be7 7. f4 Nc6 8. Nf3 Nd4
9. fxe5 dxe5 10. O-O Nxf3+ 11. Bxf3 Qb6+ 12. e3 f6 13. Nc3 Bh3 14. Bg2 Bxg2 15.
Kxg2 h5 16. Nd5 Qc6 17. e4 h4 18. c4 Qxc4 19. d3 Qc6 20. Rc1 h3+ 21. Kh1 O-O-O
22. Rxc6 bxc6 23. Ne3 c5 24. b5 Nh6 25. Nf5 Nxf5 26. Rxf5 c4 27. Qxa4 cxd3 28.
Qa8+ Kd7 29. Qc6+ Kc8 30. b6 Rd7 31. Qa8# 1-0

[Event "AUTO-OPEN-4339"]
[Site "http://www.queenalice.com/game.php?id=1780024"]
[Date "2022.1.11"]
[Round "1"]
[White "maurice916"]
[Black "Lamorteoscura"]
[Result "1-0"]
[WhiteElo "1760"]
[BlackElo "2022"]

1. d4 d5 2. c4 Nc6 3. Nf3 Bg4 4. e3 e5 5. cxd5 Qxd5 6. Nc3 Bb4 7. Be2 Nf6 8. O-O
Bxc3 9. bxc3 O-O 10. c4 Qd6 11. d5 Ne7 12. Bb2 Ng6 13. h3 Bxf3 14. Bxf3 Nd7 15.
Qc2 Nc5 16. e4 Rae8 17. Rfe1 Nf4 18. Ba3 b6 19. Bg4 h5 20. Bf3 g6 21. Rad1 Kg7
22. Kh2 1-0

[Event "AUTO-OPEN-4339"]
[Site "http://www.queenalice.com/game.php?id=1780025"]
[Date "2022.1.11"]
[Round "1"]
[White "Lamorteoscura"]
[Black "maurice916"]
[Result "0-1"]
[WhiteElo "1912"]
[BlackElo "1786"]

1. e4 e6 2. d4 d5 3. exd5 exd5 4. c4 Bb4+ 5. Nc3 Be6 6. a3 Be7 7. cxd5 Bxd5 8.
Nxd5 Qxd5 9. Be2 Nf6 10. Bf3 Qb5 11. Ne2 c6 12. O-O O-O 13. Nc3 Qb6 14. Re1 Qc7
15. Bg5 Na6 16. Qe2 Bd6 17. Bxf6 gxf6 18. Ne4 Be7 19. Qe3 Kh8 20. Qh6 Qd8 21.
Rad1 Rg8 0-1

[Event "AUTO-OPEN-4340"]
[Site "http://www.queenalice.com/game.php?id=1780185"]
[Date "2022.1.13"]
[Round "1"]
[White "CCapivara"]
[Black "Lamorteoscura"]
[Result "1-0"]
[WhiteElo "2254"]
[BlackElo "1598"]

1. e4 c5 2. Nf3 e6 3. Nc3 a6 4. d4 cxd4 5. Nxd4 Qc7 6. Be3 Nf6 7. Be2 Nc6 8. a3
b5 9. O-O Bb7 10. f4 Nxd4 11. Qxd4 h5 12. Rad1 Ng4 13. Bxg4 hxg4 14. g3 Rc8 15.
Rf2 Qc5 16. Qxc5 Bxc5 17. Bxc5 Rxc5 18. Rfd2 Bc6 19. Rd4 a5 20. R1d2 Ke7 21. e5
Rb8 22. Kf2 b4 23. axb4 1-0

[Event "AUTO-OPEN-4340"]
[Site "http://www.queenalice.com/game.php?id=1780186"]
[Date "2022.1.13"]
[Round "1"]
[White "Lamorteoscura"]
[Black "CCapivara"]
[Result "0-1"]
[WhiteElo "1598"]
[BlackElo "2252"]

1. e4 d6 2. c4 Nf6 3. Nc3 e5 4. d3 Be7 5. h3 O-O 6. Be3 c6 7. g4 Be6 8. Nge2
Nbd7 9. Bg2 Re8 10. O-O Nf8 11. f4 exf4 12. Nxf4 Qd7 13. g5 Ng4 14. hxg4 Bxg4
15. Bf3 Bxf3 16. Qxf3 Bxg5 17. Kg2 Bxf4 18. Qxf4 Ng6 19. Qg3 Re6 20. Rf2 Rf8 21.
d4 Qe7 22. Re1 Ne5 0-1

[Event "AUTO-OPEN-4340"]
[Site "http://www.queenalice.com/game.php?id=1780213"]
[Date "2022.1.13"]
[Round "1"]
[White "Fredo"]
[Black "Lamorteoscura"]
[Result "1-0"]
[WhiteElo "1940"]
[BlackElo "1607"]

1. e4 Nf6 2. e5 Nd5 3. Nf3 d6 4. d4 Bg4 5. Be2 c6 6. O-O Bxf3 7. Bxf3 dxe5 8.
dxe5 e6 9. Qe2 Nd7 10. c4 Ne7 11. Nc3 Ng6 12. Rd1 Qc7 13. Be3 Ndxe5 14. Be4 Be7
15. b3 O-O 16. Rd2 Rad8 17. Rad1 Bb4 18. Rxd8 Rxd8 19. Na4 f5 20. Bb1 Rxd1+ 21.
Qxd1 Kf7 22. Nb2 Ng4 23. Bc1 Qxh2+ 24. Kf1 Qh1+ 25. Ke2 Qxd1+ 26. Nxd1 Kf6 27.
f3 N4e5 28. Bb2 1-0

[Event "AUTO-OPEN-4340"]
[Site "http://www.queenalice.com/game.php?id=1780214"]
[Date "2022.1.13"]
[Round "1"]
[White "Lamorteoscura"]
[Black "Fredo"]
[Result "1-0"]
[WhiteElo "1579"]
[BlackElo "2010"]

1. b3 e5 2. Bb2 d6 3. g3 Nf6 4. Bg2 Be7 5. e3 O-O 6. Ne2 c6 7. d3 Be6 8. Nd2
Nbd7 9. h3 Nb6 10. O-O Qc8 11. Kh2 Qc7 12. a3 Rac8 13. f4 exf4 14. gxf4 Nbd5 15.
Nc4 b5 16. e4 Nb6 17. Nxb6 Qxb6 18. f5 Bd7 19. Nf4 a5 20. Nh5 Nxh5 21. Qxh5 Qe3
22. Rae1 Qg5 23. Qf3 c5 24. Rg1 Qh6 25. Bf1 Bh4 26. Rxg7+ 1-0

[Event "AUTO-OPEN-4340"]
[Site "http://www.queenalice.com/game.php?id=1780233"]
[Date "2022.1.13"]
[Round "1"]
[White "Lamorteoscura"]
[Black "mvson33"]
[Result "1-0"]
[WhiteElo "1847"]
[BlackElo "1717"]

1. d4 Nf6 2. c4 d5 3. cxd5 Nxd5 4. Nf3 g6 5. e4 Nf6 6. Nc3 Bg7 7. h3 O-O 8. Bf4
a6 9. Rc1 Nc6 10. Bc4 Bd7 11. e5 Ne8 12. O-O Na7 13. d5 c6 14. e6 fxe6 15. dxe6
Bc8 16. Qxd8 1-0

[Event "AUTO-OPEN-4340"]
[Site "http://www.queenalice.com/game.php?id=1780234"]
[Date "2022.1.13"]
[Round "1"]
[White "mvson33"]
[Black "Lamorteoscura"]
[Result "1-0"]
[WhiteElo "1742"]
[BlackElo "1643"]

1. e4 c6 2. d4 d5 3. exd5 cxd5 4. Nf3 Nc6 5. Be2 Bg4 6. O-O Bxf3 7. Bxf3 e6 8.
Be2 Nf6 9. Bg5 Be7 10. Nd2 Nxd4 11. Nf3 Nxe2+ 12. Qxe2 O-O 13. Rad1 Qc7 14. c3
Ne4 15. Bxe7 Qxe7 16. Nd4 Rac8 17. f3 Nd6 18. Nb5 Nxb5 19. Qxb5 Qc5+ 20. Qxc5
Rxc5 21. Rd2 b5 22. Rfd1 Rd8 23. Kf2 1-0

[Event "AUTO-OPEN-4344"]
[Site "http://www.queenalice.com/game.php?id=1781154"]
[Date "2022.1.24"]
[Round "1"]
[White "JoseMessias"]
[Black "Lamorteoscura"]
[Result "1-0"]
[WhiteElo "1792"]
[BlackElo "1595"]

1. e4 c6 2. d4 d5 3. e5 Bf5 4. g4 Bd7 5. f4 e6 6. Bh3 Qh4+ 7. Kf1 c5 8. Nd2 cxd4
9. Ndf3 Qd8 10. Nxd4 Bc5 11. Ngf3 Qb6 12. f5 Ne7 13. f6 gxf6 14. exf6 Ng6 15.
Ng5 Bxd4 16. Nf3 Bxf6 17. g5 Bxb2 18. Rb1 Qa6+ 19. Kg2 Bxc1 20. Rxc1 Nc6 21. Ra1
Nf4+ 22. Kg3 Nxh3 23. Kxh3 O-O-O 24. c3 e5+ 25. Kg3 Qc4 26. Nxe5 Nxe5 27. Qd4
Qxd4 28. cxd4 Nc6 29. Rac1 1-0

[Event "AUTO-OPEN-4344"]
[Site "http://www.queenalice.com/game.php?id=1781155"]
[Date "2022.1.24"]
[Round "1"]
[White "Lamorteoscura"]
[Black "JoseMessias"]
[Result "0-1"]
[WhiteElo "1604"]
[BlackElo "1783"]

1. e4 e5 2. Qh5 Nf6 3. Qxe5+ Qe7 4. Qxe7+ Bxe7 5. Nc3 Bb4 6. d3 O-O 7. Bd2 Re8
8. O-O-O Ng4 9. Nh3 Bc5 10. f3 Ne5 11. Nd5 Bd6 12. d4 Nc4 13. Bxc4 a6 14. e5 c6
15. Nb6 Ra7 16. exd6 a5 17. Rhe1 Rf8 18. Ng5 h6 19. Nxf7 Kh7 20. Re7 a4 21. Rde1
Na6 22. Re8 Rxe8 23. Rxe8 c5 24. Nxc8 Ra8 25. Rh8+ Kg6 26. Ne7+ Kf6 27. Rxa8 g5
0-1

[Event "AUTO-OPEN-4344"]
[Site "http://www.queenalice.com/game.php?id=1781178"]
[Date "2022.1.24"]
[Round "1"]
[White "Lamorteoscura"]
[Black "Castling"]
[Result "1-0"]
[WhiteElo "2014"]
[BlackElo "1655"]

1. d4 b6 2. e4 Bb7 3. Bd3 g6 4. Nf3 Bg7 5. O-O d5 6. exd5 Qxd5 7. c4 Qd6 8. Be3
Nf6 9. Nc3 Nbd7 10. Nb5 Qc6 11. d5 Nxd5 12. cxd5 1-0

[Event "AUTO-OPEN-4344"]
[Site "http://www.queenalice.com/game.php?id=1781179"]
[Date "2022.1.24"]
[Round "1"]
[White "Castling"]
[Black "Lamorteoscura"]
[Result "1-0"]
[WhiteElo "1675"]
[BlackElo "1774"]

1. e4 c5 2. Bc4 e6 3. Nf3 d5 4. Bb5+ Bd7 5. Bxd7+ Qxd7 6. Ne5 Qc7 7. Nf3 dxe4 8.
Ng1 Nf6 9. h3 Nc6 10. a3 Rd8 11. Nc3 Be7 12. Qe2 Qe5 13. d3 exd3 14. Qxe5 1-0

[Event "AUTO-OPEN-4344"]
[Site "http://www.queenalice.com/game.php?id=1781180"]
[Date "2022.1.24"]
[Round "1"]
[White "Lamorteoscura"]
[Black "CCapivara"]
[Result "0-1"]
[WhiteElo "1598"]
[BlackElo "2255"]

1. b3 e5 2. Bb2 d6 3. g3 f5 4. Bg2 Nf6 5. e3 Be7 6. Ne2 O-O 7. d3 c6 8. Nd2 Be6
9. h3 Nbd7 10. a3 Qe8 11. O-O Qh5 12. c4 f4 13. exf4 Bxh3 14. fxe5 Ng4 0-1

[Event "AUTO-OPEN-4344"]
[Site "http://www.queenalice.com/game.php?id=1781181"]
[Date "2022.1.24"]
[Round "1"]
[White "CCapivara"]
[Black "Lamorteoscura"]
[Result "1-0"]
[WhiteElo "2253"]
[BlackElo "1598"]

1. e4 Nf6 2. e5 Ne4 3. d4 f6 4. Bd3 d5 5. exd6 Nxd6 6. Qh5+ Nf7 7. Nf3 g6 8. Qh4
Bg7 9. O-O O-O 10. c3 e5 11. Rd1 f5 12. Qxd8 Rxd8 13. dxe5 Be6 14. Bg5 Rd7 15.
Na3 1-0

[Event "AUTO-OPEN-4611"]
[Site "http://www.queenalice.com/game.php?id=1862002"]
[Date "2025.8.24"]
[Round "1"]
[White "ajr"]
[Black "Lamorteoscura"]
[Result "1-0"]
[WhiteElo "1682"]
[BlackElo "1529"]

1. d4 d5 2. h3 Nf6 3. Nc3 c6 4. Nf3 Nbd7 5. Bg5 h6 6. Bxf6 exf6 7. a3 Bd6 8. e3
O-O 9. Bd3 Re8 10. g3 Nf8 11. g4 Ne6 12. Ke2 Nf4+ 13. Kf1 Nxd3 14. Qxd3 1-0

[Event "AUTO-OPEN-4611"]
[Site "http://www.queenalice.com/game.php?id=1862003"]
[Date "2025.8.24"]
[Round "1"]
[White "Lamorteoscura"]
[Black "ajr"]
[Result "0-1"]
[WhiteElo "1541"]
[BlackElo "1652"]

1. e4 c5 2. Nf3 a6 3. c4 h6 4. Nc3 e6 5. g3 g5 6. Bg2 d6 7. d4 Bg7 8. Be3 cxd4
9. Bxd4 Bxd4 10. Qxd4 Nf6 0-1

[Event "AUTO-OPEN-4611"]
[Site "http://www.queenalice.com/game.php?id=1862024"]
[Date "2025.8.24"]
[Round "1"]
[White "josebaron"]
[Black "Lamorteoscura"]
[Result "1-0"]
[WhiteElo "2176"]
[BlackElo "1567"]

1. e4 e5 2. Nf3 Nc6 3. Bb5 a6 4. Bxc6 dxc6 5. Nxe5 Qd4 6. Nf3 Qxe4+ 7. Qe2 Qxe2+
8. Kxe2 Bg4 9. Re1 O-O-O 10. Kf1 Bxf3 11. gxf3 Bd6 12. h3 c5 13. d3 Ne7 14. Bg5
f6 15. Bh4 Ng6 16. Bg3 1-0

[Event "AUTO-OPEN-4611"]
[Site "http://www.queenalice.com/game.php?id=1862025"]
[Date "2025.8.24"]
[Round "1"]
[White "Lamorteoscura"]
[Black "josebaron"]
[Result "0-1"]
[WhiteElo "1565"]
[BlackElo "2177"]

1. e4 e5 2. Nf3 Nc6 3. Bc4 Bc5 4. d4 exd4 5. Ng5 Nh6 6. Nxf7 Nxf7 7. Bxf7+ Kxf7
8. Qh5+ g6 9. Qxc5 d6 10. Qc4+ Be6 11. Qe2 Qf6 12. O-O Kg7 13. f4 Rhf8 14. Nd2
Rae8 15. Nf3 Bg4 0-1

[Event "AUTO-OPEN-4611"]
[Site "http://www.queenalice.com/game.php?id=1862038"]
[Date "2025.8.24"]
[Round "1"]
[White "Lamorteoscura"]
[Black "askasl159"]
[Result "0-1"]
[WhiteElo "1552"]
[BlackElo "1687"]

1. d4 d5 2. Nf3 g6 3. Nc3 Bg7 4. e4 dxe4 5. Nxe4 Nf6 6. Nxf6+ Bxf6 7. h3 O-O 8.
Bf4 b6 9. Qd2 Bb7 10. Be2 Qd5 11. c4 Qd7 0-1

[Event "AUTO-OPEN-4611"]
[Site "http://www.queenalice.com/game.php?id=1862039"]
[Date "2025.8.24"]
[Round "1"]
[White "askasl159"]
[Black "Lamorteoscura"]
[Result "1-0"]
[WhiteElo "1676"]
[BlackElo "1563"]

1. e4 e5 2. f4 d5 3. exd5 exf4 4. Nf3 Nf6 5. Bc4 Nxd5 6. Bxd5 Qxd5 7. Nc3 Qe6+
8. Qe2 Qxe2+ 9. Nxe2 Bd6 10. O-O O-O 11. d4 Re8 12. Rf2 1-0